Geography Quiz

Random Geography or City Quiz

3 Most Populous Cities: USA Quiz Stats

 Plays Quiz Updated May 6, 2016

Challenge
Share
Tweet
Embed
Score 0/69 Timer 09:00
0 Plays Today
% Correct
Los Angeles
92.4%
San Diego
91.5%
Phoenix
91.3%
Atlanta
89.6%
Birmingham
89.4%
Chicago
88.6%
Montgomery
88.2%
San Jose
88.2%
Las Vegas
87.6%
Boston
87.1%
Minneapolis
86.9%
Miami
86.2%
Oklahoma City
86.2%
Tucson
86.1%
Virginia Beach
85.7%
New Orleans
85.4%
Baton Rouge
85%
Milwaukee
84.4%
Tampa
84.3%
Mobile
84.3%
Salt Lake City
83.7%
Saint Paul
83.5%
Madison
82.6%
Jacksonville
82.5%
Reno
82.2%
Billings
81.3%
Green Bay
80.7%
Cheyenne
80.2%
Omaha
79.1%
Bismarck
78.8%
Lincoln
78.7%
Kansas City
76.6%
Fargo
76.5%
Tulsa
76.2%
Mesa
75.7%
% Correct
Augusta
75%
Charleston
74.3%
Wichita
73.7%
Norfolk
73.4%
New Haven
72.9%
Columbia
70%
Shreveport
69.7%
Concord
69.6%
Provo
68.5%
Sioux Falls
68.2%
Bridgeport
66.7%
Chesapeake
63.7%
North Charleston
61.7%
Stamford
61.3%
Manchester
60.9%
Casper
60.4%
Laramie
60.3%
Worcester
59.9%
Missoula
57.5%
Norman
57%
Henderson
55.8%
Springfield
53.5%
Grand Forks
50.7%
Rapid City
50%
Nashua
49.4%
Overland Park
47.1%
Rockford
47.1%
Great Falls
45.4%
Aurora
44.2%
West Valley City
42.1%
Rochester
41.4%
Columbus
41%
Aberdeen
25.5%
Bellevue
22.6%

You're not logged in!

Compare scores with friends on all Sporcle quizzes.
OR
Log In

You Might Also Like...

Show Comments

Extras

Top Quizzes Today


Score Distribution

Your Account Isn't Verified!

In order to create a playlist on Sporcle, you need to verify the email address you used during registration. Go to your Sporcle Settings to finish the process.

Report this User

Report this user for behavior that violates our Community Guidelines.

Details: